000 00453cam a2200181ua 4500
020 _c36.00
041 _ahin
_h
082 _a891.54
_bYAS/BR
100 _aYashpal, Mahajan .
245 _aBrihad Hindi grand suchi /
_cYashpal Mahajan.
_hTextual Documents
260 _a :
_bBharatiya granth niketan ,
_c1965.
300 _a584 ; .
365 _a36.00
504 _a
700 1 _aKrishna, Mahajan .
942 _cBK
999 _c8188
_d8188